Information driven management concepts and themes : a toolkit for librarians
Αποθηκεύτηκε σε:
| Κύριος συγγραφέας: | |
|---|---|
| Συγγραφή απο Οργανισμό/Αρχή: | |
| Μορφή: | Βιβλίο |
| Γλώσσα: | English |
| Δημοσίευση: |
Munchen :
K.G. Saur,
c1998
|
| Σειρά: | IFLA publications ;
; 68 |
| Θέματα: | |
| Ετικέτες: |
Προσθήκη ετικέτας
Δεν υπάρχουν, Καταχωρήστε ετικέτα πρώτοι!
|
MARC
| LEADER | 00000nam a2200000 i 4500 | ||
|---|---|---|---|
| 001 | 1/39345 | ||
| 008 | 030820s1998 eng d | ||
| 020 | |a 3-598-21815-X | ||
| 035 | |l 10070605 | ||
| 040 | |a GR-MY-UA |b gre |e aacr | ||
| 041 | 0 | |a eng | |
| 082 | 0 | |a 658.4038092 |2 (21) | |
| 100 | 1 | |a Koenig, Michael E.D. | |
| 245 | 1 | 0 | |a Information driven management concepts and themes : |b a toolkit for librarians / |c Michael E.D. Koenig ; With the assistance of Morgen Maclntosh |
| 260 | |a Munchen : |b K.G. Saur, |c c1998 | ||
| 300 | |a 73 p.; |b ill.; |c 22 cm. | ||
| 490 | 1 | |a IFLA publications |v ; 68 |x 0344-6891 | |
| 504 | |a Includes bibliographical references | ||
| 650 | 0 | 0 | |a Information resources management. |
| 650 | 0 | 0 | |a Management information systems. |
| 650 | 0 | 0 | |a Librarians. |
| 710 | 2 | |a International Federation of Library Associations and Institutions. |b Management and Marketing. | |
| 830 | 0 | |a IFLA publications ; |v ; 68 |x 0344-6891 | |
| 852 | |a INST |b SYROS |e 20030820 |h 658.4038092 KOE |p 005500003242 |q 005500003242 |t BK |y 0 | ||
| 901 | |a BIBL5-2003-2 | ||
| 909 | |a Ε |b 105778 | ||
| 922 | |a 5ΕΛΗ |b 200210 |c ΤΜΣΠΣ |d ΠΑΠΑΣΩΤΗΡΙΟΥ | ||
| 950 | |a 183-2002-10-19 | ||
| 970 | |a ΚΑΓΙΑΒΑ |b ΕΙΡΗΝΗ |z 2003/08/28 | ||